City by Picture 14 (New Zealand) - Statistics

General Stats
  • This quiz has been taken 57 times
  • The average score is 4 of 6
Answer Stats
Picture Answer % Correct
Wellington
98%
Auckland
92%
Christchurch
90%
Dunedin
82%
Hamilton
41%
Nelson
41%
No matching quizzes found
Score Distribution
Percent of People with Each Score
Percentile by Number Answered
Your Score History
You have not taken this quiz